Sports Quiz

Random Sports Quiz
Score 0/60 Timer 20:00
0 Plays Today
% Correct
Jürgen Klopp
98.1%
Louis van Gaal
94.3%
Ottmar Hitzfeld
94.3%
Ottmar Hitzfeld
94.3%
Ottmar Hitzfeld
94.3%
Felix Magath
91.5%
Felix Magath
91.5%
Thomas Schaaf
89.6%
Thomas Schaaf
89.6%
Thomas Schaaf
89.6%
Otto Rehhagel
82.1%
Otto Rehhagel
82.1%
Otto Rehhagel
82.1%
Huub Stevens
81.1%
Huub Stevens
81.1%
Udo Lattek
72.6%
Udo Lattek
72.6%
Udo Lattek
72.6%
Giovanni Trapattoni
65.1%
Ralf Rangnick
60.4%
Ernst Happel
58.5%
Hennes Weisweiler
56.6%
Hennes Weisweiler
56.6%
Hennes Weisweiler
56.6%
Hans Meyer
53.8%
Karl-Heinz Feldkamp
50.9%
Karl-Heinz Feldkamp
50.9%
Karl-Heinz Feldkamp
50.9%
Joachim Löw
41.5%
Pál Csernai
34.9%
% Correct
Max Merkel
34%
Branko Zebec
33%
Dragoslav Stepanovic
24.5%
Rinus Michels
20.8%
Bernd Krauss
19.8%
Horst Köppel
17.9%
Zlatko Cajkovski
17%
Zlatko Cajkovski
17%
Eckhard Krautzun
12.3%
Willi Multhaup
10.4%
Michael Lorkowski
8.5%
Kuno Klötzer
7.5%
Dietrich Weise
6.6%
Dietrich Weise
6.6%
Georg Knöpfle
3.8%
Ivica Horvat
2.8%
Hermann Eppenhoff
2.8%
Herbert Widmayer
2.8%
Lothar Buchmann
1.9%
Hans-Dieter Tippenhauer
0.9%
Martin Wilke
0.9%
Georg Wurzer
0.9%
Adolf Patek
0.9%
Willibald Hahn
0.9%
Ludwig Janda
0.9%
Georg Wurzer
0.9%
Kurt Schreiner
0%
Bernd Oles
0%
Hans Wendlandt
0%
Karl Hohmann
0%
Remove Ads.
Support Sporcle.
Get the best of Sporcle when you Go Orange. This ad-free experience offers more features, more stats, and more fun while also helping to support Sporcle. Thank you for becoming a member.

You're not logged in!

Compare scores with friends on all Sporcle quizzes.
OR
Log In

Show Comments

Extras

Created Dec 10, 2012SourceReportNominate
Tags:dfb, DFB Pokal

Top Quizzes Today


Score Distribution

Your Account Isn't Verified!

In order to create a playlist on Sporcle, you need to verify the email address you used during registration. Go to your Sporcle Settings to finish the process.

Report this User

Report this user for behavior that violates our Community Guidelines.

Details: